[Event "RUS-chT Blitz"]
[Site "Sochi"]
[Date "2024.10.17"]
[Round "9.18"]
[White "Kopjonkin, Kirill"]
[Black "Moiseenko, Vadim"]
[Result "0-1"]
[WhiteElo "2314"]
[BlackElo "2529"]
[PlyCount "78"]
[EventDate "2024.10.17"]
[EventType "team-swiss (blitz)"]
[EventRounds "11"]
[EventCountry "RUS"]
[SourceTitle "CB43_2024"]
[Source "Chessbase"]
[SourceDate "2024.10.23"]
[SourceVersion "1"]
[SourceVersionDate "2024.10.23"]
[SourceQuality "1"]
[WhiteTeam "Ekaterinburg Marafon"]
[BlackTeam "Volgograd Region"]
[WhiteTeamCountry "RUS"]
[BlackTeamCountry "RUS"]

1. e4 e5 2. Nf3 Nc6 3. Bc4 Nf6 4. d3 Bc5 5. 0-0 d6 6. c3 a6 7. Bb3 Ba7 8. Nbd2 Qe7 9. Nc4 Be6 10. Ne3 Bxe3 11. fxe3 0-0-0 12. Qe1 d5 13. exd5 Bxd5 14. d4 Bxf3 15. gxf3 e4 16. Qh4 g5 17. Qh3+ Kb8 18. f4 gxf4 19. Rxf4 Na5 20. Qf5 Nxb3 21. axb3 Rhg8+ 22. Kh1 Rg6 23. Bd2 Rd5 24. Qh3 Rh5 25. Rh4 Ng4 26. Qxg4 Rxh4 27. Qe2 Rgh6 28. Rf1 Rxh2+ 29. Qxh2 Rxh2+ 30. Kxh2 Qh4+ 31. Kg2 Qg4+ 32. Kf2 h5 33. Ke1 h4 34. Rf4 Qg2 35. Rf2 Qg1+ 36. Rf1 Qg3+ 37. Ke2 Qg4+ 38. Kf2 h3 39. Ke1 h2 0-1

[Event "RUS-chT Blitz"]
[Site "Sochi"]
[Date "2024.10.17"]
[Round "10.18"]
[White "Moiseenko, Vadim"]
[Black "Drygalov, Sergey"]
[Result "0-1"]
[WhiteElo "2529"]
[BlackElo "2542"]
[PlyCount "78"]
[EventDate "2024.10.17"]
[EventType "team-swiss (blitz)"]
[EventRounds "11"]
[EventCountry "RUS"]
[SourceTitle "CB43_2024"]
[Source "Chessbase"]
[SourceDate "2024.10.23"]
[SourceVersion "1"]
[SourceVersionDate "2024.10.23"]
[SourceQuality "1"]
[WhiteTeam "Volgograd Region"]
[BlackTeam "Ekaterinburg Shkola ShakhMatOff"]
[WhiteTeamCountry "RUS"]
[BlackTeamCountry "RUS"]

1. e4 c5 2. Nf3 d6 3. Bc4 Nf6 4. Nc3 e6 5. 0-0 a6 6. a3 b5 7. Ba2 Bb7 8. d4 b4 9. axb4 cxb4 10. Na4 Bxe4 11. Re1 Be7 12. Ng5 d5 13. Nxe4 Nxe4 14. c4 bxc3 15. bxc3 0-0 16. c4 Nc6 17. cxd5 exd5 18. Bb1 Bf6 19. Be3 g6 20. Ba2 Nb4 21. Bb3 a5 22. Rc1 Bg5 23. Nc5 Bxe3 24. Rxe3 Nxc5 25. dxc5 d4 26. Rf3 d3 27. Qd2 Qd4 28. Rf4 Qe5 29. g3 Rac8 30. Rfc4 Qe2 31. Qc3 d2 32. Rd1 Rcd8 33. c6 Rd3 34. Qb2 Qe1+ 35. Kg2 Qe2 36. c7 Qf3+ 37. Kg1 Rxb3 38. Qxd2 Rd3 39. Rxb4 Qxd1+ 0-1

[Event "RUS-ch Rapid"]
[Site "Sochi"]
[Date "2024.10.16"]
[Round "8"]
[White "Moiseenko, Vadim"]
[Black "Afanasiev, Nikita"]
[Result "1/2-1/2"]
[WhiteElo "2529"]
[BlackElo "2533"]
[PlyCount "24"]
[EventDate "2024.10.15"]
[EventType "swiss (rapid)"]
[EventRounds "11"]
[EventCountry "RUS"]
[SourceTitle "CB43_2024"]
[Source "Chessbase"]
[SourceDate "2024.10.23"]
[SourceVersion "1"]
[SourceVersionDate "2024.10.23"]
[SourceQuality "1"]

1. e4 e5 2. Nf3 Nc6 3. Nc3 Nf6 4. Bb5 Nd4 5. Ba4 Nxf3+ 6. Qxf3 c6 7. 0-0 Bc5 8. d3 d6 9. h3 h6 10. Be3 Bxe3 11. Qxe3 Qb6 12. Qxb6 axb6 1/2-1/2

[Event "RUS-chT Rapid"]
[Site "Sochi"]
[Date "2023.10.18"]
[Round "3.16"]
[White "Drygalov, Andrey"]
[Black "Moiseenko, Vadim"]
[Result "1/2-1/2"]
[WhiteElo "2475"]
[BlackElo "2529"]
[PlyCount "273"]
[EventDate "2023.10.18"]
[EventType "team-swiss (rapid)"]
[EventRounds "9"]
[EventCountry "RUS"]
[SourceTitle "CBM 216 Extra"]
[Source "ChessBase"]
[SourceDate "2023.11.30"]
[SourceVersion "1"]
[SourceVersionDate "2023.11.30"]
[SourceQuality "1"]
[WhiteTeam "Krasnoyarsk Region Enisey"]
[BlackTeam "Vologodsk Region"]
[WhiteTeamCountry "RUS"]
[BlackTeamCountry "RUS"]

1. e4 e5 2. Nf3 Nc6 3. Bc4 Nf6 4. d3 Bc5 5. 0-0 d6 6. c3 h6 7. Re1 a5 8. Nbd2 Ng4 9. Re2 Ba7 10. Nf1 Nf6 11. Re1 Be6 12. Bb5 Bd7 13. Ng3 0-0 14. h3 Re8 15. d4 Nxd4 16. Nxd4 exd4 17. Bxd7 Nxd7 18. cxd4 Qf6 19. Be3 c5 20. dxc5 Bxc5 21. b3 Rad8 22. Rc1 b6 23. Qd5 Qe6 24. Qxe6 fxe6 25. Bxc5 bxc5 26. Red1 Ne5 27. Ne2 Nc6 28. Nc3 Nd4 29. e5 d5 30. Kf1 Nc6 31. Nb5 Nxe5 32. Rxc5 Rc8 33. Rdc1 Rxc5 34. Rxc5 Rf8 35. f3 Kf7 36. Nd4 Ra8 37. Rc7+ Kf6 38. Rb7 Ra6 39. Ke2 Nc6 40. Nb5 a4 41. b4 Nxb4 42. Nc7 Rc6 43. Ne8+ Ke5 44. Rxb4 Rc2+ 45. Ke3 g5 46. Rxa4 Rxg2 47. h4 Rc2 48. hxg5 hxg5 49. Rg4 Rc3+ 50. Kf2 Rc2+ 51. Kg3 Rxa2 52. Rxg5+ Kd4 53. Nc7 Re2 54. Rg6 e5 55. Rd6 Kc5 56. Rd8 Rd2 57. Ne6+ Kc6 58. Ng5 Rd3 59. Nf7 e4 60. Ne5+ Kc7 61. Rd7+ Kc8 62. Rd6 Rc3 63. Rxd5 exf3 64. Nxf3 Rc1 65. Kf4 Rf1 66. Rd6 Kc7 67. Rh6 Kc8 68. Ke4 Rd1 69. Nd4 Kd8 70. Ke5 Ke8 71. Rh7 Re1+ 72. Kd6 Rd1 73. Kd5 Kd8 74. Ke5 Ke8 75. Nc6 Re1+ 76. Kf6 Rf1+ 77. Ke6 Re1+ 78. Ne5 Kd8 79. Ra7 Re2 80. Rd7+ Ke8 81. Rd4 Re1 82. Rc4 Kf8 83. Rg4 Re2 84. Rg1 Re4 85. Kf5 Re2 86. Kf6 Rf2+ 87. Ke6 Re2 88. Rg3 Re1 89. Rg2 Re4 90. Kd5 Re1 91. Rf2+ Ke8 92. Kd6 Rd1+ 93. Ke6 Re1 94. Rh2 Kd8 95. Rh7 Re2 96. Ra7 Re1 97. Kd5 Rd1+ 98. Kc5 Rc1+ 99. Nc4 Ke8 100. Kd5 Rd1+ 101. Ke6 Re1+ 102. Ne5 Kd8 103. Rd7+ Ke8 104. Rd4 Re2 105. Rd1 Kf8 106. Rf1+ Ke8 107. Kf6 Re4 108. Rc1 Kd8 109. Rc2 Re1 110. Ke6 Re4 111. Rc5 Re1 112. Rc4 Re2 113. Rc3 Re1 114. Kd6 Rd1+ 115. Nd3 Ke8 116. Ke6 Kd8 117. Nf4 Re1+ 118. Kd6 Ke8 119. Rc7 Rd1+ 120. Nd5 Kf8 121. Ke5 Re1+ 122. Kf5 Ke8 123. Ra7 Kd8 124. Nf6 Rf1+ 125. Ke5 Re1+ 126. Ne4 Ke8 127. Rb7 Kd8 128. Kd5 Rd1+ 129. Ke6 Re1 130. Rd7+ Ke8 131. Rd4 Re3 132. Ra4 Kd8 133. Ke5 Re1 134. Ra7 Ke8 135. Kd5 Kd8 136. Nf6 Rd1+ 137. Ke6 1/2-1/2

[Event "RUS-chT Blitz"]
[Site "Sochi"]
[Date "2023.10.17"]
[Round "11.4"]
[White "Matlakov, Maxim"]
[Black "Moiseenko, Vadim"]
[Result "1/2-1/2"]
[WhiteElo "2674"]
[BlackElo "2529"]
[PlyCount "195"]
[EventDate "2023.10.17"]
[EventType "team-swiss (blitz)"]
[EventRounds "13"]
[EventCountry "RUS"]
[SourceTitle "CBM 216 Extra"]
[Source "ChessBase"]
[SourceDate "2023.11.30"]
[SourceVersion "1"]
[SourceVersionDate "2023.11.30"]
[SourceQuality "1"]
[WhiteTeam "Moscow Park Tauer"]
[BlackTeam "Vologodsk Region"]
[WhiteTeamCountry "RUS"]
[BlackTeamCountry "RUS"]

1. d4 Nf6 2. Nf3 b6 3. Bg5 Bb7 4. Nbd2 e6 5. e4 h6 6. Bxf6 Qxf6 7. Bd3 g6 8. c3 Bg7 9. 0-0 Qe7 10. Re1 0-0 11. Qe2 d6 12. Rad1 Nd7 13. Nf1 a5 14. a4 e5 15. Ng3 Kh8 16. h4 Rae8 17. h5 Nf6 18. hxg6 fxg6 19. dxe5 dxe5 20. Nh4 Kh7 21. Bb5 Rd8 22. Nf3 Ng4 23. Rxd8 Rxd8 24. Rd1 Bc8 25. Rxd8 Qxd8 26. Nf1 Qd6 27. N3h2 Nxh2 28. Nxh2 Be6 29. Nf1 Bf6 30. Bc4 Bd7 31. Bb3 h5 32. Ne3 Bg5 33. Nd5 Be6 34. Bc2 Kg7 35. Qa6 Bxd5 36. exd5 Qxd5 37. Qe2 Kf6 38. Be4 Qd2 39. Qf3+ Kg7 40. b3 h4 41. g3 hxg3 42. fxg3 Be3+ 43. Kh1 Qxc3 44. Bd5 Qe1+ 45. Kg2 Qg1+ 46. Kh3 Qf2 47. Qe4 Qf5+ 48. Kg2 Qf2+ 49. Kh3 Kf6 50. Qc4 Bc5 51. Be4 Qd4 52. Qe2 Qe3 53. Qf1+ Kg7 54. Qc4 Qd4 55. Qc2 Qd6 56. Qc4 Qd7+ 57. Kg2 Qd2+ 58. Kh3 Qh6+ 59. Kg2 Qd2+ 60. Kh3 Qd7+ 61. Kg2 Qd6 62. Qc2 Bd4 63. Qc4 Be3 64. Kh3 Bg5 65. Kg2 Bf6 66. Kh3 Bg5 67. Kg2 Bd2 68. Kh3 Be1 69. Qc2 Bb4 70. Qc4 Bc5 71. Qc2 Qe6+ 72. Kg2 Bd6 73. Qd3 Qf6 74. Qc2 Kf7 75. Qc4+ Kg7 76. Qc2 Qf7 77. Qd3 Bc5 78. Qc2 g5 79. Bf5 Qd5+ 80. Be4 Qd4 81. Qe2 Qc3 82. Qh5 Qd2+ 83. Kh3 Kf8 84. Qh6+ Ke7 85. Qg7+ Kd8 86. Qg8+ Ke7 87. Qg7+ Ke6 88. Qg6+ Ke7 89. Qg7+ Ke6 90. Qg6+ Ke7 91. Bf5 Qd6 92. Qg7+ Kd8 93. Qxg5+ Qe7 94. Qg8+ Qf8 95. Qd5+ Qd6 96. Qg8+ Qf8 97. Qe6 Qd6 98. Qg8+ 1/2-1/2

[Event "RUS-ch Rapid"]
[Site "Sochi"]
[Date "2023.10.16"]
[Round "10"]
[White "Moiseenko, Vadim"]
[Black "Murzin, Volodar"]
[Result "1/2-1/2"]
[WhiteElo "2529"]
[BlackElo "2633"]
[PlyCount "146"]
[EventDate "2023.10.15"]
[EventType "swiss (rapid)"]
[EventRounds "11"]
[EventCountry "RUS"]
[SourceTitle "CBM 216 Extra"]
[Source "ChessBase"]
[SourceDate "2023.11.30"]
[SourceVersion "1"]
[SourceVersionDate "2023.11.30"]
[SourceQuality "1"]

1. c4 e6 2. e4 d5 3. exd5 exd5 4. d4 Nf6 5. Nc3 dxc4 6. Bxc4 Bd6 7. Qe2+ Qe7 8. Qxe7+ Bxe7 9. Bf4 c6 10. Nf3 Nbd7 11. 0-0 Nb6 12. Bb3 0-0 13. Rfe1 Bb4 14. a3 Bxc3 15. bxc3 Be6 16. Bxe6 fxe6 17. Rxe6 Nfd5 18. Bd6 Rfe8 19. Rxe8+ Rxe8 20. Bb4 Nc4 21. Ne5 Nxe5 22. dxe5 Rxe5 23. c4 Nb6 24. Rd1 c5 25. f4 Rf5 26. g4 Rxf4 27. Rd8+ Kf7 28. Bxc5 Rxg4+ 29. Kf2 Nxc4 30. Bxa7 Ke6 31. Bc5 Ne5 32. Rd6+ Kf5 33. Bb4 Ke4 34. Rb6 Nd3+ 35. Kf1 Rf4+ 36. Kg2 Rf7 37. Kg3 Kd5 38. Bd2 Nc5 39. Be3 Ne4+ 40. Kg2 Nd6 41. a4 Nc4 42. Rb5+ Ke4 43. Bf2 Nd6 44. Rb6 Kd5 45. a5 Ne4 46. Be3 Kc4 47. a6 bxa6 48. Rxa6 Nc3 49. Bf2 Kd5 50. Bg3 Ne4 51. Ra5+ Kc6 52. Ra6+ Kd7 53. Ra7+ Ke6 54. Rxf7 Kxf7 55. Bb8 Ke6 56. Bc7 Kf5 57. Bb8 Nf6 58. Bc7 Nd5 59. Bb8 g5 60. Bd6 Kg4 61. Bb8 Ne3+ 62. Kf2 Nf5 63. Kg2 Nh4+ 64. Kf2 Kh3 65. Bc7 g4 66. Kg1 Nf3+ 67. Kh1 h5 68. Bd6 Nd2 69. Bc7 h4 70. Bb8 Nf3 71. Bc7 Nxh2 72. Bxh2 g3 73. Kg1 gxh2+ 1/2-1/2

[Event "RUS-ch Rapid"]
[Site "Sochi"]
[Date "2023.10.16"]
[Round "9"]
[White "Zakaryan, David"]
[Black "Moiseenko, Vadim"]
[Result "0-1"]
[WhiteElo "2307"]
[BlackElo "2529"]
[PlyCount "212"]
[EventDate "2023.10.15"]
[EventType "swiss (rapid)"]
[EventRounds "11"]
[EventCountry "RUS"]
[SourceTitle "CBM 216 Extra"]
[Source "ChessBase"]
[SourceDate "2023.11.30"]
[SourceVersion "1"]
[SourceVersionDate "2023.11.30"]
[SourceQuality "1"]

1. c4 b6 2. Nc3 Bb7 3. d4 Nf6 4. Nf3 e6 5. a3 Ne4 6. Nxe4 Bxe4 7. Nd2 Bg6 8. e4 Be7 9. Bd3 0-0 10. Nf3 c5 11. d5 exd5 12. exd5 Bf6 13. h4 Qe7+ 14. Kf1 d6 15. h5 Bxd3+ 16. Qxd3 Re8 17. Bf4 Qe4 18. Qxe4 Rxe4 19. Re1 Rxe1+ 20. Nxe1 Bxb2 21. Bxd6 Bxa3 22. Rh3 Bb2 23. Re3 Nd7 24. Re7 Nf6 25. Nd3 Bd4 26. f3 h6 27. Rb7 a5 28. Rxb6 a4 29. Bxc5 Bxc5 30. Nxc5 a3 31. Nb3 a2 32. Na1 Ra4 33. Rb8+ Kh7 34. Rb2 Rxc4 35. Rxa2 Nxd5 36. Nb3 Rb4 37. Nd2 Nf4 38. g4 f5 39. gxf5 Nxh5 40. Ne4 Rb5 41. Kf2 Rxf5 42. Ng3 Nxg3 43. Kxg3 Rg5+ 44. Kf2 h5 45. Ra4 Kh6 46. Ra6+ g6 47. Ra4 Rb5 48. Kg3 Rb3 49. Rc4 Rd3 50. Ra4 Rc3 51. Rb4 Rc6 52. Ra4 Kg5 53. Ra5+ Kf6 54. Rb5 Rd6 55. Ra5 Re6 56. Rb5 Re5 57. Rb8 Rg5+ 58. Kf2 Rf5 59. Kg3 Kg5 60. Rb4 h4+ 61. Kg2 Rf4 62. Rb5+ Kf6 63. Rb6+ Kg7 64. Ra6 Kh6 65. Ra5 g5 66. Ra6+ Kh5 67. Ra8 Rb4 68. Rh8+ Kg6 69. Rg8+ Kf6 70. Rf8+ Kg7 71. Ra8 Rb2+ 72. Kg1 Kg6 73. Ra5 Kf6 74. Rc5 Re2 75. Ra5 Re5 76. Ra8 Rc5 77. Rf8+ Ke5 78. Kg2 Rc2+ 79. Kg1 Rd2 80. Rf7 Ra2 81. Rf8 Rb2 82. Rf7 Rc2 83. Rf8 Kd4 84. Rd8+ Ke3 85. Rd5 Kf4 86. Kf1 Kxf3 87. Kg1 Kg4 88. Kh1 h3 89. Rd4+ Kg3 90. Rd3+ Kh4 91. Rd4+ g4 92. Ra4 Rb2 93. Rc4 Rd2 94. Ra4 Rf2 95. Rb4 Kg3 96. Rb1 Rh2+ 97. Kg1 Re2 98. Rb3+ Kf4 99. Rb4+ Kf3 100. Rb1 g3 101. Kh1 g2+ 102. Kg1 Re3 103. Kh2 Kf2 104. Rb2+ Re2 105. Rb1 Re1 106. Rb2+ Kf1 0-1

[Event "RUS-ch Blitz"]
[Site "Sochi"]
[Date "2023.10.14"]
[Round "12"]
[White "Klimov, Sergey"]
[Black "Moiseenko, Vadim"]
[Result "1-0"]
[WhiteElo "2486"]
[BlackElo "2529"]
[PlyCount "96"]
[EventDate "2023.10.14"]
[EventType "swiss (blitz)"]
[EventRounds "13"]
[EventCountry "RUS"]
[SourceTitle "CBM 216 Extra"]
[Source "ChessBase"]
[SourceDate "2023.11.30"]
[SourceVersion "1"]
[SourceVersionDate "2023.11.30"]
[SourceQuality "1"]

1. e4 c6 2. d4 d5 3. e5 Bf5 4. Nf3 e6 5. Be2 Bb4+ 6. c3 Ba5 7. Na3 Nd7 8. 0-0 h6 9. Nc2 Ne7 10. Ne3 Be4 11. Bd3 Bxd3 12. Qxd3 c5 13. c4 cxd4 14. Qxd4 Bb6 15. Qg4 d4 16. Nxd4 h5 17. Qh4 Bxd4 18. Qxd4 Nc6 19. Qc3 Ndxe5 20. f4 Ng4 21. Qxg7 Qd4 22. Qxd4 Nxd4 23. Nxg4 hxg4 24. Rf2 0-0-0 25. Be3 Nf5 26. Re2 g3 27. hxg3 Nxg3 28. Ree1 b6 29. Kf2 Ne4+ 30. Kf3 f5 31. Rh1 Rhg8 32. Rh3 Rd3 33. Ke2 Rd7 34. Rd1 Rxg2+ 35. Kf3 Rxd1 36. Kxg2 Ra1 37. Bd4 Rxa2 38. Rh7 Ra4 39. b3 Ra2+ 40. Kg1 Nd2 41. Be5 Nf3+ 42. Kf1 Rh2 43. Rxa7 Nd2+ 44. Kg1 Nf3+ 45. Kf1 Nxe5 46. fxe5 Rh3 47. Re7 Rxb3 48. Rxe6 Kd7 1-0

[Event "RUS-ch Blitz"]
[Site "Sochi"]
[Date "2023.10.14"]
[Round "9"]
[White "Moiseenko, Vadim"]
[Black "Avanesian, Artem"]
[Result "0-1"]
[WhiteElo "2529"]
[BlackElo "1600"]
[PlyCount "85"]
[EventDate "2023.10.14"]
[EventType "swiss (blitz)"]
[EventRounds "13"]
[EventCountry "RUS"]
[SourceTitle "CBM 216 Extra"]
[Source "ChessBase"]
[SourceDate "2023.11.30"]
[SourceVersion "1"]
[SourceVersionDate "2023.11.30"]
[SourceQuality "1"]

1. Nf3 c5 2. g3 Nc6 3. d4 cxd4 4. Nxd4 g6 5. Bg2 Bg7 6. Be3 Nf6 7. 0-0 Ng4 8. Nxc6 Nxe3 9. Nxd8 Nxd1 10. Nxb7 Bxb7 11. Bxb7 Rb8 12. Rxd1 Bxb2 13. Bd5 Bxa1 14. c3 0-0 15. Bb3 d6 16. Kf1 Rfc8 17. Rc1 a5 18. Ke1 a4 19. Bxa4 Ra8 20. Bb3 Bb2 21. Rc2 Ba3 22. Nxa3 Rxa3 23. Kd2 Kg7 24. h4 Kf6 25. Kd3 e6 26. e3 h5 27. Rb2 Ra5 28. Rc2 Ke7 29. Rc1 d5 30. Rc2 Kd6 31. Rc1 Rac5 32. Rc2 e5 33. Rc1 f6 34. Rc2 g5 35. Rc1 gxh4 36. gxh4 Rg8 37. c4 Rg4 38. Rd1 dxc4+ 39. Kc3+ Rd5 40. Rxd5+ Kxd5 41. Bd1 Rxh4 42. a4 Kc5 43. Be2 0-1

[Event "RUS GP Blitz Final"]
[Site "Moscow"]
[Date "2022.12.16"]
[Round "4"]
[White "Khripachenko, Alexander"]
[Black "Moiseenko, Vadim"]
[Result "0-1"]
[WhiteElo "2219"]
[BlackElo "2529"]
[PlyCount "70"]
[EventDate "2022.12.16"]
[EventType "tourn (blitz)"]
[EventRounds "13"]
[EventCountry "RUS"]
[EventCategory "11"]
[SourceTitle "CBM 211 Extra"]
[Source "ChessBase"]
[SourceDate "2023.01.31"]
[SourceVersion "1"]
[SourceVersionDate "2023.01.31"]
[SourceQuality "1"]

1. e4 c5 2. Nf3 a6 3. c3 d5 4. exd5 Qxd5 5. d4 Nf6 6. Be3 cxd4 7. cxd4 g6 8. Nc3 Qd6 9. Be2 Bg7 10. 0-0 0-0 11. Ne5 Nc6 12. Nxc6 bxc6 13. Rc1 Bf5 14. h3 Nd5 15. Nxd5 cxd5 16. Qa4 Rfb8 17. b3 Rb4 18. Qa5 Bxd4 19. Rfd1 Bxe3 20. fxe3 e6 21. Qc5 Qxc5 22. Rxc5 a5 23. Rd4 Rxd4 24. exd4 a4 25. b4 a3 26. b5 Bb1 27. b6 Rb8 28. Ra5 Rxb6 29. Rxa3 Rb2 30. Bf3 Bxa2 31. Ra7 h5 32. Kh2 Bc4 33. Kg3 Rd2 34. Kf4 Kg7 35. Ke5 Be2 0-1

[Event "RUS GP Blitz Final"]
[Site "Moscow"]
[Date "2022.12.16"]
[Round "10"]
[White "Petrov, Nikita"]
[Black "Moiseenko, Vadim"]
[Result "1/2-1/2"]
[WhiteElo "2537"]
[BlackElo "2529"]
[PlyCount "46"]
[EventDate "2022.12.16"]
[EventType "tourn (blitz)"]
[EventRounds "13"]
[EventCountry "RUS"]
[EventCategory "11"]
[SourceTitle "CBM 211 Extra"]
[Source "ChessBase"]
[SourceDate "2023.01.31"]
[SourceVersion "1"]
[SourceVersionDate "2023.01.31"]
[SourceQuality "1"]

1. Nf3 Nf6 2. c4 b6 3. g3 Bb7 4. Bg2 e5 5. 0-0 e4 6. Nd4 Nc6 7. Nxc6 Bxc6 8. Nc3 Bc5 9. d4 exd3 10. exd3 0-0 11. d4 Bxg2 12. Kxg2 Bb4 13. Qf3 Re8 14. Bg5 Bxc3 15. bxc3 h6 16. Bxf6 Qxf6 17. Qxf6 gxf6 18. Rfe1 Kg7 19. Kf3 Re6 20. d5 Re5 21. Re3 d6 22. a4 a5 23. Rae1 Rc8 1/2-1/2

[Event "RUS-chT Rapid"]
[Site "Sochi"]
[Date "2022.10.18"]
[Round "2.12"]
[White "Bryakin, Mikhail"]
[Black "Moiseenko, Vadim"]
[Result "1/2-1/2"]
[WhiteElo "2436"]
[BlackElo "2529"]
[PlyCount "59"]
[EventDate "2022.10.18"]
[EventType "team-swiss (rapid)"]
[EventRounds "9"]
[EventCountry "RUS"]
[SourceTitle "CBM 210 Extra"]
[Source "ChessBase"]
[SourceDate "2022.11.30"]
[SourceVersion "1"]
[SourceVersionDate "2022.11.30"]
[SourceQuality "1"]
[WhiteTeam "Moscow Region 77"]
[BlackTeam "Vologodsk Region"]
[WhiteTeamCountry "RUS"]
[BlackTeamCountry "RUS"]

1. d4 Nf6 2. c4 e6 3. Nf3 d5 4. g3 Bb4+ 5. Bd2 a5 6. Bg2 0-0 7. a3 Be7 8. Qc2 b6 9. cxd5 exd5 10. Nc3 Bb7 11. 0-0 Na6 12. Rfd1 Qe8 13. Bf4 Rd8 14. Rac1 c5 15. Na4 Qb5 16. Nc3 Qc6 17. Ne5 Qe6 18. Qb3 cxd4 19. Nb5 Bc5 20. Nf3 Ne4 21. Nbxd4 Qf6 22. Be5 Qg6 23. Bf4 Rfe8 24. Qb5 Nd6 25. Qd3 Ne4 26. Ne5 Qf6 27. Ng4 Qg6 28. Ne5 Qf6 29. Ng4 Qg6 30. Ne5 1/2-1/2

[Event "RUS-chT Blitz"]
[Site "Sochi"]
[Date "2022.10.17"]
[Round "13.3"]
[White "Moiseenko, Vadim"]
[Black "Iljiushenok, Ilia"]
[Result "0-1"]
[WhiteElo "2529"]
[BlackElo "2567"]
[PlyCount "101"]
[EventDate "2022.10.17"]
[EventType "team-swiss (blitz)"]
[EventRounds "13"]
[EventCountry "RUS"]
[SourceTitle "CBM 210 Extra"]
[Source "ChessBase"]
[SourceDate "2022.11.30"]
[SourceVersion "1"]
[SourceVersionDate "2022.11.30"]
[SourceQuality "1"]
[WhiteTeam "Vologodsk Region"]
[BlackTeam "Yugra"]
[WhiteTeamCountry "RUS"]
[BlackTeamCountry "RUS"]

1. e4 e5 2. Nf3 Nf6 3. Nc3 Nc6 4. h3 d5 5. exd5 Nxd5 6. Bb5 Nxc3 7. bxc3 Bd6 8. d4 exd4 9. 0-0 0-0 10. cxd4 h6 11. c3 Qf6 12. Rb1 Bf5 13. Bd3 b6 14. Rb5 Ne7 15. Bxf5 Nxf5 16. Qd3 c5 17. Ba3 Rad8 18. Re1 Nh4 19. Nxh4 Qxh4 20. Qf3 Rfe8 21. Rxe8+ Rxe8 22. Rb1 Qe7 23. Qd3 Qe1+ 24. Rxe1 Rxe1+ 25. Qf1 Bh2+ 26. Kxh2 Rxf1 27. dxc5 bxc5 28. Bxc5 a6 29. Kg3 Rc1 30. Bb4 f6 31. a4 Kf7 32. a5 Ke6 33. Kf3 g5 34. g4 f5 35. Kg3 Ke5 36. Kf3 Rc2 37. Ke3 Rc1 38. Kf3 Ra1 39. Kg3 Ke4 40. gxf5 Kxf5 41. h4 g4 42. h5 Rd1 43. Bc5 Rd3+ 44. Be3 Rxc3 45. Kh4 Ra3 46. Kg3 Rxa5 47. Bxh6 Ra1 48. f3 Ra3 49. Bg7 Rxf3+ 50. Kg2 a5 51. h6 0-1